000 00969nam a22002537a 4500
003 OSt
005 20240719084611.0
008 240718b ||||| |||| 00| 0 eng d
022 _a00081256
040 _cAIMIT LIBRARY
082 _a658
_bCALM
110 _aHaas Berkeley University of California
_9173674
245 _aCalifornia Management Review /
_cBy Haas Berkeley University of California
260 _aCalifornia :
_bSheridan Press ,
_c2015.
300 _bHB
_c24 cm.
440 _aCalifornia Management Review
_vVol.57 No.2-4/2015,Vol.58 No.1/2015
_9173675
440 _vVol.56 No.2-4/2014,Vol.57 No.1/2014
440 _vVol.59 No.2-4/2017
440 _vVol.58 No.2-4/2016,Vol.59 No.1/2016
440 _vVol.54 No.2-4/2012,Vol.55 No.1/2012,Vol.55 No.2/2013
650 _aFamily driven inovation:resolving the paradox in family firms
_9173676
650 _aThin political markets:the soft underbelly of capitalism
_9173677
942 _2ddc
_cBV
_k658 CALM
999 _c231468
_d231468